| 000 | 00588nam a22001937a 4500 | ||
|---|---|---|---|
| 005 | 20151127105614.0 | ||
| 010 | _aENG-114222 | ||
| 020 |
_a9789350353318 _c250.00 |
||
| 035 | _aEN-97754 | ||
| 037 | _bDBAD/PUB | ||
| 082 | _a342.54 | ||
| 100 | _aChaudhary, V.K.S. | ||
| 245 |
_aThe law and burning problems / _cby V.K.S.Chaudhary |
||
| 260 |
_aDelhi _bUniversal Law Publishing _c2013 |
||
| 270 |
_aC-FF-1A, Dilkhush Industrial Estate, G.T.Karnal Road _bDelhi _e110033 |
||
| 300 |
_axviii,116p. _c23cm(Hb) |
||
| 500 | _aIncludes index | ||
| 942 |
_2ddc _cEN _mCHA _h342.54 |
||
| 999 |
_c97661 _d97661 |
||